| 000 | 01557cam a22003975a 4500 | ||
|---|---|---|---|
| 001 | 2688184 | ||
| 005 | 20240818093003.0 | ||
| 008 | 750210t1975 enka frb 001 0 eng d | ||
| 010 | _a 75004737 | ||
| 020 | _a9780750627689 | ||
| 040 |
_aDLC _beng _cDLC _dDLC _dEG-ScBUE |
||
| 041 | 1 |
_aeng _hrus |
|
| 082 | 0 | 4 |
_a530.141 _bLAN _222 |
| 100 | 1 |
_aLandau, L. D. _q(Lev Davidovich), _d1908-1968 _938480 |
|
| 240 | 1 | 0 |
_aTeorii︠a︡ poli︠a︡. _lEnglish |
| 245 | 1 | 4 |
_aThe classical theory of fields / _cL. D. Landau and E. M. Lifshitz ; translated from the Russian by Morton Hamermesh. |
| 250 | _a4th rev. English ed. | ||
| 260 |
_aOxford ; _aBurlington : _bButterworth-Heinemann / Elsevier, _cc.1975. |
||
| 300 |
_axiii, 428 p. : _bill. ; _c24 cm. |
||
| 490 | 0 |
_aCourse of theoretical physics ; _vv. 2 |
|
| 500 | _aTranslated from the 6th rev. ed. of Teorii︠a︡ poli︠a︡, Nauka, Moscow 1973. | ||
| 500 | _aFirst published by Pergamon Press Ltd 1951. | ||
| 500 | _aIndex : p. 425-428. | ||
| 504 | _aIncludes bibliographical references. | ||
| 546 | _aText in English ; translated from the original Russian. | ||
| 650 | 0 |
_aElectromagnetic fields. _2BUEsh |
|
| 650 | 0 |
_aField theory (Physics) _2BUEsh |
|
| 651 | _2BUEsh | ||
| 653 |
_bENGGEN _cOctober2015 |
||
| 700 | 1 |
_aLifshit︠s︡, E. M. _q(Evgeniĭ Mikhaĭlovich) _938483 |
|
| 700 | 1 |
_aHamermesh, Morton, _etranslator. _96446 |
|
| 942 |
_2ddc _k530.141 LAN _hRDA-MOD |
||
| 999 |
_c20896 _d20868 |
||
| 336 |
_2rdacontent _atext _btxt |
||
| 337 |
_aunmediated _2rdamedia _bn |
||
| 338 |
_avolume _bnc _2rdacarrier |
||